=LDR 00000nam 2200000 4500 =001 INLIS000000000032701 =005 20130612134710 =008 ***********************************ind** =035 ##$$0010-061300000032701 =041 ##$$a ind =082 ##$$a 370.114 =090 ##$$a 370.114, Roz m =100 ##$$a Roziqin, Muhammad Zainur =245 ##$$a Moral Pendidikan Di Era Global, Pergeseran Pola Interaksi Guru-Murid Di Era global, Muhammad Zainur Roziqin;Penyunting, Saiful Arif =260 ##$$a 2007 $b Malang =300 ##$$a xi,320 hlm, Ilus, 21 cm =650 ##$$a Pendidikan-Etika =700 ##$$a Arif, Saiful =850 ##$$a NBPNMAT